Khảo sát đặc điểm của trái Giác (Cayratia trifolia) ở Đồng bằng Sông Cửu Long và chất lượng sản phẩm rượu vang trái Giác lên men sử dụng nấm men chịu nhiệt : Luận văn tốt nghiệp cao học ngành Công nghệ Sinh học
Nội dung luận văn giới thiệu cơ sở lý luận và phương pháp nghiên cứu. Khảo sát đặc điểm của trái Giác (Cayratia trifolia) ở Đồng bằng Sông Cửu Long và chất lượng sản phẩm rượu vang trái Giác lên men sử dụng nấm men chịu nhiệt. Kết luạ...
Bewaard in:
| Hoofdauteur: | |
|---|---|
| Formaat: | Boek |
| Taal: | Undetermined |
| Gepubliceerd in: |
Cần Thơ
Trường Đại học Cần Thơ
2018
|
| Onderwerpen: | |
| Tags: |
Voeg label toe
Geen labels, Wees de eerste die dit record labelt!
|
| Thư viện lưu trữ: | Trung tâm Học liệu Trường Đại học Cần Thơ |
|---|
| LEADER | 01332nam a2200205Ia 4500 | ||
|---|---|---|---|
| 001 | CTU_227439 | ||
| 008 | 210402s9999 xx 000 0 und d | ||
| 082 | |a 663.2 | ||
| 082 | |b M300 | ||
| 100 | |a Huỳnh, Thị Ngọc Mi | ||
| 245 | 0 | |a Khảo sát đặc điểm của trái Giác (Cayratia trifolia) ở Đồng bằng Sông Cửu Long và chất lượng sản phẩm rượu vang trái Giác lên men sử dụng nấm men chịu nhiệt : | |
| 245 | 0 | |b Luận văn tốt nghiệp cao học ngành Công nghệ Sinh học | |
| 245 | 0 | |c Huỳnh Thị Ngọc Mi ; Ngô Thị Phương Dung (cán bộ hướng dẫn) | |
| 260 | |a Cần Thơ | ||
| 260 | |b Trường Đại học Cần Thơ | ||
| 260 | |c 2018 | ||
| 520 | |a Nội dung luận văn giới thiệu cơ sở lý luận và phương pháp nghiên cứu. Khảo sát đặc điểm của trái Giác (Cayratia trifolia) ở Đồng bằng Sông Cửu Long và chất lượng sản phẩm rượu vang trái Giác lên men sử dụng nấm men chịu nhiệt. Kết luận và kiến nghị. | ||
| 650 | |a Fermented beverages,Đồ uống lên men | ||
| 910 | |b dqhieu | ||
| 980 | |a Trung tâm Học liệu Trường Đại học Cần Thơ | ||